Business and administration communication

Guardat en:
Dades bibliogràfiques
Autor principal: Locker, Kitty O .
Format: Llibre
Idioma:Undetermined
Publicat: Boston, Massachusetts Irwin 1998
Matèries:
Etiquetes: Afegir etiqueta
Sense etiquetes, Sigues el primer a etiquetar aquest registre!
Thư viện lưu trữ: Trung tâm Học liệu Trường Đại học Cần Thơ
LEADER 00550nam a2200193Ia 4500
001 CTU_32197
008 210402s9999 xx 000 0 und d
020 |c 304500 
082 |a 651.7 
082 |b L815 
100 |a Locker, Kitty O . 
245 0 |a Business and administration communication 
245 0 |c Kitty O Locker 
260 |a Boston, Massachusetts 
260 |b Irwin 
260 |c 1998 
650 |a Business communication,Communication in management 
904 |i Minh, 990726 
980 |a Trung tâm Học liệu Trường Đại học Cần Thơ